| 000 | 02090cam a22004337i 4500 | ||
|---|---|---|---|
| 001 | data | ||
| 005 | 20260322212103.0 | ||
| 008 | data | ||
| 035 | _a20181724 | ||
| 906 |
_a7 _bcbc _ccopycat _d2 _encip _f20 _gy-gencatlg |
||
| 925 | 0 |
_aacquire _b1 shelf copy _xpolicy default |
|
| 955 | _wxm08 2018-02-16 (telework) | ||
| 010 | _a 2017285416 | ||
| 020 |
_a9780323393935 _qhbk |
||
| 020 |
_a0323393934 _qhbk |
||
| 035 | _a(OCoLC)953224062 | ||
| 040 |
_aYDXCP _beng _cYDXCP _erda _dDLC _dBTCTA _dBDX _dWSU _dOCLCO _dMNU _dOCLCO _dOCLCF _dCHVBK _dOCLCO _dDLC |
||
| 042 | _alccopycat | ||
| 050 | 0 | 0 |
_aRD119.5.F33 _bN53 2018 |
| 060 | 4 |
_aWO 600 _bN577c 2017 |
|
| 082 | 0 | 0 |
_a617.9/52 _223 |
| 100 | 1 |
_aNiamtu, Joseph, _cIII, _eauthor. |
|
| 245 | 1 | 0 |
_aCosmetic facial surgery / _cJoe Niamtu, III, DMD, Private Practice, Cosmetic Facial Surgery, Richmond, Virginia, Fellow, American Academy of Cosmetic Surgery, Diplomat, American Board of Cometic Facial Surgery. |
| 250 | _aSecond edition. | ||
| 264 | 1 |
_aEdinburgh : _bElsevier, _c2018. |
|
| 264 | 4 | _c©2018. | |
| 300 |
_axii, 795 pages : _billustrations ; _c29 cm. |
||
| 336 |
_atext _btxt _2rdacontent |
||
| 337 |
_aunmediated _bn _2rdamedia |
||
| 338 |
_avolume _bnc _2rdacarrier |
||
| 504 | _aIncludes bibliographical references and index. | ||
| 505 | 0 | _aThe Aging Face -- Evaluation of the Cosmetic Facial Surgery Patient -- Facelift Surgery (Cervicofacial Rhytidectomy) -- Brow and Forehead Lift -- Cosmetic Blepharoplasty -- Rhinoplasty -- Facial Implants -- Cosmetic Otoplasty and Related Ear Surgery -- Neuromodulators (Neurotoxins) -- Injectable Fillers -- Cosmetic Lip Surgery -- Lifetime Skincare -- Laser Skin Resurfacing -- Chemical Peel -- Management of Cerviofacial Fat. | |
| 650 | 0 | _aSurgery, Plastic. | |
| 650 | 0 |
_aFace _xSurgery. |
|
| 650 | 2 | _aSurgery, Plastic. | |
| 650 | 2 |
_aFace _xsurgery. |
|
| 650 | 7 |
_aFace _xSurgery. _2fast _0(OCoLC)fst00919548 |
|
| 650 | 7 |
_aSurgery, Plastic. _2fast _0(OCoLC)fst01139417 |
|
| 999 |
_c1494 _d1494 |
||